Normal view
MARC view
- Ferguson, Coling R
Entry Personal Name
001 - CONTROL NUMBER
- control field: 73645
003 - CONTROL NUMBER IDENTIFIER
- control field: NUST
005 - DATE AND TIME OF LATEST TRANSACTION
- control field: 20210628205043.0
008 - FIXED-LENGTH DATA ELEMENTS
- fixed length control field: 210628|| aca||aabn | a|a d
040 ## - CATALOGING SOURCE
- Original cataloging agency: NUST
- Transcribing agency: NUST
100 ## - HEADING--PERSONAL NAME
- Personal name: Ferguson, Coling R
670 ## - SOURCE DATA FOUND
- Source citation: Work cat.: (NUST): Ferguson, Coling R, Internet combustion engines,applied thermosciences, 2014
